Zmiana w globalnym systemie miedzynarodowym Supercykle i wojna hegemoniczna

Salvato in:
Dettagli Bibliografici
Autore principale: Galganek, Andrzej
Natura: Libro
Lingua:polacco
inglese
Pubblicazione: Poznan Wydawnictwo naukowe Uniwersytetu im. Adama Mickiewicza w Poznaniu 1992
Edizione:1. wyd.
Serie:Nauki polityczne nr. 13
Soggetti:
Tags: Aggiungi Tag
Nessun Tag, puoi essere il primo ad aggiungerne!!

MARC

LEADER 00000nam a2200000 4500
001 c014138
005 20221206083722.9
020 |a 83-232-0577-9 
041 0 |a pol 
041 0 |a eng 
044 |a PL 
245 1 0 |a Zmiana w globalnym systemie miedzynarodowym  |b Supercykle i wojna hegemoniczna  |c Andrzej Galganek 
250 |a 1. wyd. 
264 1 |a Poznan  |b Wydawnictwo naukowe Uniwersytetu im. Adama Mickiewicza w Poznaniu  |c 1992 
300 |a 141 s. 
490 1 |a Nauki polityczne  |v nr. 13 
830 0 |a Nauki polityczne  |v nr. 13 
610 2 0 |a systémy ekonomické 
610 2 0 |a hospodárstvo svetové 
610 2 0 |a cykly hospodárske 
610 2 0 |a dynamika ekonomiky 
610 2 0 |a vojny 
610 2 0 |a rozvoj hospodársky 
610 2 0 |a regulácia hospodárska 
610 2 0 |a vzťahy hospodárske medzinárodné 
100 1 |a Galganek, Andrzej